51 Pioneer Scientists of India/ (Record no. 205904)

MARC details
000 -LEADER
fixed length control field 00674nam a22002057a 4500
005 - DATE AND TIME OF LATEST TRANSACTION
control field 20240925155658.0
010 ## - LCCN (DPL NO)
LC control number ENG-141785
020 ## - INTERNATIONAL STANDARD BOOK NUMBER
International Standard Book Number 9789356845374
Terms of availability 200.00
035 ## - SYSTEM CONTROL NUMBER
System control number EN-125317
037 ## - SOURCE OF ACQUISITION
Source of stock number/acquisition DBAD
082 ## - DEWEY DECIMAL CLASSIFICATION NUMBER
Classification number 509.2
100 ## - MAIN ENTRY--PERSONAL NAME
Personal name Manu, Prakash
245 ## - TITLE STATEMENT
Title 51 Pioneer Scientists of India/
Statement of responsibility, etc By Prakash Manu
250 ## - EDITION STATEMENT
Edition statement 1
260 ## - PUBLICATION, DISTRIBUTION, ETC. (IMPRINT)
Place of publication, distribution, etc New Delhi
Name of publisher, distributor, etc Diamond Pocket Books
Date of publication, distribution, etc 2024
270 ## - ADDRESS
Address X- 30, Okhla Industrial Area, Phase-II
City New Delhi
Postal code 110020
Electronic mail address wecare@diamondbooks.in
Telephone number 011-40712100
-- 011-41611861
300 ## - PHYSICAL DESCRIPTION
Extent 160p.
Dimensions 22cm(pb)
500 ## - GENERAL NOTE
General note Life Stories of Epoch-Making Scientists of India
942 ## - ADDED ENTRY ELEMENTS (KOHA)
Source of classification or shelving scheme Dewey Decimal Classification
Item type English Books
Classification part 509.2
Call number suffix MAN
Holdings
Withdrawn status Lost status Not for loan Collection code Home library Current library Date acquired Source of acquisition Cost, normal purchase price Full call number Barcode Copy number Cost, replacement price Koha item type
      Non-fiction Vinoba Puri Vinoba Puri 25/09/2024 Delivery of Books Act Division 200.00 509.2 MAN EN-125317 1 200.00 English Books

© Delhi Public Library
Hit Counter
free hit counter